000 00462nam a2200181Ia 4500
001 9110
005 20260306160659.0
008 260306t2018||||xx |||||||||||||| ||spa||
041 _aESP
082 _a372.7
_bB27
100 _aBatllori, Jorge
_eAUT
245 0 _aInteligencia lógico-matemática:
_bmás de 100 juegos para su desarrollo
260 _c2018
300 _a165 páginas :
_c24 cm.
650 _aGEN
654 _aCED
942 _cLIB
_dJUS
_fJUS
_2ddc
_n
999 _c9110
_d9110